| 000 | 00625nam a2200181 i 4500 | ||
|---|---|---|---|
| 001 | 51453 | ||
| 003 | ES-MaACL | ||
| 005 | 20230906162351.0 | ||
| 007 | t| | ||
| 008 | 030813s1982 sp ||||1| spa d | ||
| 100 | 1 |
_aChastel, André. _938168 |
|
| 245 | 1 | 0 |
_aArte y humanismo en Florencia en tiempos de Lorenzo el Magnífico / _cAndré Chastel ; [traducción de Luis López Jiménez y Luis López Esteve]. |
| 260 |
_aMadrid : _bCátedra, _c[1982] |
||
| 300 |
_a535 p., 96 lám. : _bil. ; _c24 cm. |
||
| 700 | 1 |
_aLópez Jiménez, Luis. _973714 |
|
| 700 | 1 |
_aLópez Esteve, Luis. _973626 |
|
| 852 |
_aES-MaACL _jL-2436 _bR.103284 |
||
| 999 |
_c51453 _d51453 |
||